| 000 -LEADER |
| fixed length control field |
00896nam a2200277 a 4500 |
| 001 - CONTROL NUMBER |
| control field |
21583 |
| 003 - CONTROL NUMBER IDENTIFIER |
| control field |
BD-DhUAP |
| 005 - DATE AND TIME OF LATEST TRANSACTION |
| control field |
20220616185022.0 |
| 008 - FIXED-LENGTH DATA ELEMENTS--GENERAL INFORMATION |
| fixed length control field |
110523s1985 enk b 000 0 eng d |
| 010 ## - LIBRARY OF CONGRESS CONTROL NUMBER |
| LC control number |
86133498 |
| 020 ## - INTERNATIONAL STANDARD BOOK NUMBER |
| International Standard Book Number |
9780140432169 |
| 020 ## - INTERNATIONAL STANDARD BOOK NUMBER |
| International Standard Book Number |
0140432167 (pbk.) |
| 040 ## - CATALOGING SOURCE |
| Original cataloging agency |
DLC |
| Transcribing agency |
BD-DhUAP |
| Modifying agency |
BD-DhUAP |
| -- |
BD-DhUAP |
| Language of cataloging |
Eng |
| 082 00 - DEWEY DECIMAL CLASSIFICATION NUMBER |
| Classification number |
824.3 PIE |
| Edition number |
19 |
| 100 1# - MAIN ENTRY--PERSONAL NAME |
| Personal name |
Bacon, Francis, |
| Dates associated with a name |
1561-1626. |
| 245 14 - TITLE STATEMENT |
| Title |
The essays / |
| Statement of responsibility, etc. |
Francis Bacon ; edited with an introduction by John Pitcher. |
| 260 ## - PUBLICATION, DISTRIBUTION, ETC. |
| Place of publication, distribution, etc. |
Harmondsworth, Middlesex, England ; |
| -- |
New York, N.Y., U.S.A. : |
| Name of publisher, distributor, etc. |
Penguin Books, |
| Date of publication, distribution, etc. |
1985. |
| 300 ## - PHYSICAL DESCRIPTION |
| Extent |
287 p. ; |
| Dimensions |
20 cm. |
| 490 #0 - SERIES STATEMENT |
| Series statement |
Penguin classics |
| 504 ## - BIBLIOGRAPHY, ETC. NOTE |
| Bibliography, etc. note |
Includes bibliographical references. |
| 650 #0 - SUBJECT ADDED ENTRY--TOPICAL TERM |
| Topical term or geographic name entry element |
English essays |
| Chronological subdivision |
Early modern, 1500-1700. |
| 700 1# - ADDED ENTRY--PERSONAL NAME |
| Personal name |
Pitcher, John. |
| 942 ## - ADDED ENTRY ELEMENTS (KOHA) |
| Source of classification or shelving scheme |
|
| Koha item type |
Book |